|
|
|
|
| LEADER |
03017nam a2200373 a 4500 |
| 001 |
GR-Antirio1023 |
| 008 |
140701s2007 xxu g 000 0 eng d |
| 020 |
|
|
|a 0824726758
|
| 040 |
|
|
|a GrPaTEI
|b gre
|c GR-PaULI
|
| 040 |
|
|
|a GrPaTEI
|b gre
|c GR-PaULI
|
| 082 |
|
0 |
|a 621.384
|2 21
|
| 100 |
1 |
|
|a Sarangapani, Jagannathan
|
| 245 |
1 |
0 |
|a Wireless ad hoc and sensor networks :
|b protocols, performance, and control /
|c Jagannathan Sarangapani.
|
| 260 |
|
|
|a Boka Raton :
|b CRC Press,
|c 2007
|
| 300 |
|
|
|a 514 σ. :
|b εικ.
|
| 490 |
0 |
|
|a Automation and control engineering
|
| 504 |
|
|
|a Includes bibliographical refererences and index
|
| 650 |
|
0 |
|a Sensor networks
|
| 650 |
|
0 |
|a Sensor networks
|x Quality control
|
| 650 |
|
4 |
|a Τηλεματική, δικτυα
|
| 650 |
1 |
0 |
|a Wireless communication systems
|
| 650 |
1 |
0 |
|a Wireless communication systemw
|x Quality control
|
| 942 |
|
|
|2 ddc
|
| 952 |
|
|
|0 0
|1 0
|2 ddc
|4 0
|6 621_384000000000000_SAR
|7 0
|9 262746
|a LISK-2
|b LISK-2
|c BSC
|d 2021-01-17
|e 24
|f 0
|g 0.00
|l 0
|o 621.384 SAR
|p 2430000007639
|r 2021-01-17 00:00:00
|t 1
|w 2021-01-17
|y BK15
|x 20140701 0 ΧΑΣΑΝΗ 1
|x GrPaTEI - Antirrio
|
| 952 |
|
|
|0 0
|1 0
|2 ddc
|4 0
|6 621_384000000000000_SAR
|7 0
|9 262747
|a LISK-2
|b LISK-2
|c BSC
|d 2021-01-17
|e 24
|f 0
|g 0.00
|l 0
|o 621.384 SAR
|p 2430000007638
|r 2021-01-17 00:00:00
|t 1
|w 2021-01-17
|y BK15
|x 20140702 0 ΧΑΣΑΝΗ 1
|x GrPaTEI - Antirrio
|
| 952 |
|
|
|0 0
|1 0
|2 ddc
|4 0
|6 621_384000000000000_SAR
|7 0
|9 262748
|a LISK-2
|b LISK-2
|c BSC
|d 2021-01-17
|e 24
|f 0
|g 0.00
|l 0
|o 621.384 SAR
|p 2430000007640
|r 2021-01-17 00:00:00
|t 1
|w 2021-01-17
|y BK15
|x 20140702 0 ΧΑΣΑΝΗ 1
|x GrPaTEI - Antirrio
|
| 952 |
|
|
|0 0
|1 0
|2 ddc
|4 0
|6 621_384000000000000_SAR
|7 0
|9 262749
|a LISK-2
|b LISK-2
|c BSC
|d 2021-01-17
|e 24
|f 0
|g 0.00
|l 0
|o 621.384 SAR
|p 2430000007641
|r 2021-01-17 00:00:00
|t 1
|w 2021-01-17
|y BK15
|x 20140702 0 ΧΑΣΑΝΗ 1
|x GrPaTEI - Antirrio
|
| 952 |
|
|
|0 0
|1 0
|2 ddc
|4 0
|6 621_384000000000000_SAR
|7 0
|9 262750
|a LISK-2
|b LISK-2
|c BSC
|d 2021-01-17
|e 24
|f 0
|g 0.00
|l 0
|o 621.384 SAR
|p 2430000007642
|r 2021-01-17 00:00:00
|t 1
|w 2021-01-17
|y BK15
|x 20141010 0 ΧΑΣΑΝΗ 1
|x GrPaTEI - Antirrio
|
| 952 |
|
|
|0 0
|1 0
|2 ddc
|4 0
|6 621_384000000000000_SAR
|7 0
|9 262751
|a LISK-2
|b LISK-2
|c BSC
|d 2021-01-17
|e 24
|f 0
|g 0.00
|l 0
|o 621.384 SAR
|p 2430000007643
|r 2021-01-17 00:00:00
|t 1
|w 2021-01-17
|y BK15
|x 20150309 0 ΧΑΣΑΝΗ 1
|x GrPaTEI - Antirrio
|
| 952 |
|
|
|0 0
|1 0
|2 ddc
|4 0
|6 621_384000000000000_SAR
|7 0
|9 262752
|a LISK-2
|b LISK-2
|c BSC
|d 2021-01-17
|e 24
|f 0
|g 0.00
|l 0
|o 621.384 SAR
|p 2430000007644
|r 2021-01-17 00:00:00
|t 1
|w 2021-01-17
|y BK15
|x 20140702 0 ΧΑΣΑΝΗ 1
|x GrPaTEI - Antirrio
|
| 952 |
|
|
|0 0
|1 0
|2 ddc
|4 0
|6 621_384000000000000_SAR
|7 0
|9 262753
|a LISK-2
|b LISK-2
|c BSC
|d 2021-01-17
|e 24
|f 0
|g 0.00
|l 0
|o 621.384 SAR
|p 2430000007645
|r 2021-01-17 00:00:00
|t 1
|w 2021-01-17
|y BK15
|x 20141010 0 ΧΑΣΑΝΗ 1
|x GrPaTEI - Antirrio
|
| 952 |
|
|
|0 0
|1 0
|2 ddc
|4 0
|6 621_384000000000000_SAR
|7 0
|9 262754
|a LISK-2
|b LISK-2
|c BSC
|d 2021-01-17
|e 24
|f 0
|g 0.00
|l 0
|o 621.384 SAR
|p 2430000008670
|r 2021-01-17 00:00:00
|t 1
|w 2021-01-17
|y BK15
|x 20140702 0 ΧΑΣΑΝΗ 1
|x GrPaTEI - Antirrio
|
| 971 |
|
|
|a .b25708223
|b 15-04-20
|c 12-09-16
|
| 999 |
|
|
|c 151378
|d 151378
|